000 00641cam a2200205 4500
001 WB3545-07
008 000000n1999 000 0 eng u
035 _a(Sirsi) u102218
245 0 _aLiverpool business parks
260 0 _c1999
490 _aFinancial Times
_v16 November 1999, 6(1)
520 _aMEPC plans to develop two new business parks near Liverpool, as a joint venture with local developer Intercity JIS. They hope to create about 4,000 jobs.
590 _aWB
650 0 _aJOBS CREATION
650 0 _aMEPC
650 0 _aLIVERPOOL
650 0 _aBUSINESS PARKS
690 _aPROPERTY-PROPERTY DEVELOPMENT
942 _n0
999 _c61268
_d61268